Guess the 1960s song lyrics #35 - Statistics

General Stats
  • This quiz has been taken 47 times
  • The average score is 131 of 156
Answer Stats
Answer % Correct
I
100%
a
98%
be
95%
me
95%
the
95%
we
95%
you
95%
by
93%
And
91%
and
91%
When
91%
is
88%
see
88%
stand
88%
Stand
88%
night
86%
No
86%
to
86%
darlin
84%
Darlin
84%
If
84%
long
84%
So
84%
as
81%
only
81%
won't
81%
has
79%
moon
79%
Oh
79%
afraid
77%
dark
77%
Just
77%
just
77%
Should
77%
should
77%
sky
77%
we'll
77%
come
74%
fall
74%
in
74%
sea
72%
shed
72%
tear
72%
that
72%
light
70%
cry
67%
look
67%
crumble
63%
you're
63%
upon
60%
land
58%
mountains
58%
Or
53%
tumble
51%
now
47%
trouble
35%
Whenever
30%
Woah
19%
No matching quizzes found
Score Distribution
Percent of People with Each Score
Percentile by Number Answered
Your Score History
You have not taken this quiz